000 00346nam a2200121Ia 4500
008 220120s9999||||xx |||||||||||||| ||und||
082 _a823 BAR
100 _aBardhan Quallen, Sudipta
_911862
245 0 _aChampionship science fair projects
260 _aGood will publishing house
_bBangalore
300 _b235
650 _aSIGNAL PROCESSING
_9719
999 _c137400
_d137400